Countryside Agency (Record no. 119703)

MARC details
000 -LEADER
fixed length control field 00987cam a2200253 4500
001 - CONTROL NUMBER
control field WS109091
008 - FIXED-LENGTH DATA ELEMENTS--GENERAL INFORMATION
fixed length control field 000000n 000 0 eng u
035 ## - SYSTEM CONTROL NUMBER
System control number (Sirsi) u109091
110 ## - MAIN ENTRY--CORPORATE NAME
Corporate name or jurisdiction name as entry element Countryside Agency
9 (RLIN) 3740
245 ## - TITLE STATEMENT
Title Countryside Agency
520 ## - SUMMARY, ETC.
Summary, etc. Web site reviewing the work of this organisation covering land and economy, rural communities, protected countryside, transport and research and including details of their publications. Also links to their Market Towns Toolkit which helps communities assess and improve the vitality of their town.
650 ## - SUBJECT ADDED ENTRY--TOPICAL TERM
Topical term or geographic name entry element COUNTRYSIDE
650 ## - SUBJECT ADDED ENTRY--TOPICAL TERM
Topical term or geographic name entry element TRANSPORT
650 ## - SUBJECT ADDED ENTRY--TOPICAL TERM
Topical term or geographic name entry element RURAL COMMUNITIES
650 ## - SUBJECT ADDED ENTRY--TOPICAL TERM
Topical term or geographic name entry element RESEARCH
650 ## - SUBJECT ADDED ENTRY--TOPICAL TERM
Topical term or geographic name entry element Environment
9 (RLIN) 6238
650 ## - SUBJECT ADDED ENTRY--TOPICAL TERM
Topical term or geographic name entry element GOVERNMENT
650 ## - SUBJECT ADDED ENTRY--TOPICAL TERM
Topical term or geographic name entry element RURAL ECONOMY
650 ## - SUBJECT ADDED ENTRY--TOPICAL TERM
Topical term or geographic name entry element MARKET TOWNS
650 ## - SUBJECT ADDED ENTRY--TOPICAL TERM
Topical term or geographic name entry element MARKET TOWN TOOLKIT
690 ## - LOCAL SUBJECT ADDED ENTRY--TOPICAL TERM (OCLC, RLIN)
Topical term or geographic name as entry element RURAL-NATURE CONSERVATION
856 40 - ELECTRONIC LOCATION AND ACCESS
Uniform Resource Identifier <a href="https://www.countryside.gov.uk">https://www.countryside.gov.uk</a>
Public note View the website free of charge at www.countryside.gov.uk...
942 ## - ADDED ENTRY ELEMENTS (KOHA)
Suppress in OPAC 0
Holdings
Withdrawn status Lost status Source of classification or shelving scheme Damaged status Not for loan Home library Current library Shelving location Date acquired Total Checkouts Full call number Barcode Date last seen Copy number Price effective from Koha item type
    Dewey Decimal Classification     Virtual Virtual Online 02/11/2000   WEB SITE 109091-2001 06/08/2019 1 06/08/2019 Online material